Qualifying,Testing and Performance Evaluation of Biomass Gasifiers and Gasifier Engine Systems ( Dual Fuel Engines ) Test Procedures,Methodology and Protocols,Test Procedure No.3 (Record no. 2726)

MARC details
000 -LEADER
fixed length control field 00373nam a22000977a 4500
041 ## - LANGUAGE CODE
Language code of text/sound track or separate title ENG
245 ## - TITLE STATEMENT
Title Qualifying,Testing and Performance Evaluation of Biomass Gasifiers and Gasifier Engine Systems ( Dual Fuel Engines ) Test Procedures,Methodology and Protocols,Test Procedure No.3
260 ## - PUBLICATION, DISTRIBUTION, ETC. (IMPRINT)
Place of publication, distribution, etc Mubai
Name of publisher, distributor, etc Government of India
Date of publication, distribution, etc 2000
650 ## - SUBJECT ADDED ENTRY--TOPICAL TERM
Topical term or geographic name as entry element EOES ( 12 )
856 ## - ELECTRONIC LOCATION AND ACCESS
Uniform Resource Identifier EOES ( 12 )
Holdings
Withdrawn status Lost status Source of classification or shelving scheme Damaged status Not for loan Home library Current library Shelving location Date acquired Total Checkouts Barcode Date last seen Price effective from Koha item type
    Dewey Decimal Classification     College of Agricultural Engineering and Technology, Dapoli , Library College of Agricultural Engineering and Technology, Dapoli , Library Book Cart 10/12/2021   Z00075 10/12/2021 10/12/2021 Books

Contact Us: College of Agricultural Engineering and Technology, Dapoli, Dist.- Ratnagiri
Website: https://dbskkv.org Email: caetlibrary2015@gmail.com